| 000 | 01253nam a2200385 i 4500 | ||
|---|---|---|---|
| 001 | 4132 | ||
| 003 | KOSZ 005 | ||
| 005 | 20210302092837.0 | ||
| 008 | 981103s1985 pl a f f |001 0 pol | ||
| 015 | _aPB 1986/292 | ||
| 020 | _a8320406986 | ||
| 035 | _a(OCoLC)749217160 | ||
| 040 |
_aWA N _cWA N _dKOSZ 005/EG |
||
| 041 | 0 | _apol | |
| 046 | _k1985 | ||
| 080 | _a536.7 | ||
| 080 | _a532 | ||
| 080 | _a531.7 | ||
| 080 | _a(075.8) | ||
| 245 | 0 | 0 |
_aPomiary cieplne i energetyczne : _bpraca zbiorowa / _cpod red. Mariana Mieszkowskiego ; [aut. Jerzy Adamczewski et al.]. |
| 250 | _aWyd. 2. | ||
| 260 |
_aWarszawa : _bWydawnictwa Naukowo-Techniczne, _c1985. |
||
| 300 |
_a653, [3] s. : _bfot., rys., wykr. ; _c24 cm. |
||
| 380 | _aKsiążki. | ||
| 504 | _aBibliogr. przy rozdz. - Indeks. | ||
| 650 | 4 | _aPomiary | |
| 650 | 4 | _aEnergetyka | |
| 655 | 4 | _aPodręczniki akademickie | |
| 658 | _aInżynieria i technika | ||
| 700 | 1 |
_aMieszkowski, Marian _d(1913-2007). _eRedakcja |
|
| 700 | 1 |
_aAdamczewski, Jerzy. _eAutor |
|
| 710 | 2 |
_aWydawnictwa Naukowo-Techniczne _4pbl. |
|
| 856 |
_uhttp://koha.tu.koszalin.pl/cgi-bin/koha/opac-detail.pl?biblionumber=4132 _yKatalog online BPK |
||
| 942 |
_2UKD _cKS |
||
| 999 |
_c4132 _d4132 |
||